The power of gender the gender of power: (Record no. 40945)
[ view plain ]
| 000 -LEADER | |
|---|---|
| fixed length control field | 02297nam a22003377a 4500 |
| 010 ## - LCCN (DPL NO) | |
| LC control number | ENG-99473 B-442675-681 |
| 020 ## - INTERNATIONAL STANDARD BOOK NUMBER | |
| Terms of availability | 850.00 |
| International Standard Book Number | 9780198066767 |
| 020 ## - INTERNATIONAL STANDARD BOOK NUMBER | |
| Terms of availability | 850.00 |
| International Standard Book Number | 0198066767 |
| 035 ## - SYSTEM CONTROL NUMBER | |
| System control number | EN-83005 B-442675-681 |
| 037 ## - SOURCE OF ACQUISITION | |
| Source of stock number/acquisition | DBAD / PUB |
| 037 ## - SOURCE OF ACQUISITION | |
| Source of stock number/acquisition | RBC/Ven |
| 082 ## - DEWEY DECIMAL CLASSIFICATION NUMBER | |
| Classification number | 305.420954 |
| 100 ## - MAIN ENTRY--PERSONAL NAME | |
| Personal name | Roy, Kumkum |
| 245 ## - TITLE STATEMENT | |
| Title | The power of gender the gender of power: |
| Statement of responsibility, etc | by kumkum Roy |
| Remainder of title | explorations in early Indian history / |
| 260 ## - PUBLICATION, DISTRIBUTION, ETC. (IMPRINT) | |
| Place of publication, distribution, etc | New Delhi |
| Name of publisher, distributor, etc | Oxford University Press |
| Date of publication, distribution, etc | 2010 |
| 270 ## - ADDRESS | |
| Address | YMCA Library Building, Jai Singh Road, |
| City | New Delhi |
| Postal code | 110001 |
| 300 ## - PHYSICAL DESCRIPTION | |
| Extent | xiv, 386p. |
| Dimensions | 22cm (Hb) |
| 500 ## - GENERAL NOTE | |
| General note | Includes bibliographical references and index |
| 600 ## - SUBJECT ADDED ENTRY--PERSONAL NAME | |
| Personal name | Baba Visakha Singh |
| General subdivision | Biography. |
| 700 ## - ADDED ENTRY--PERSONAL NAME | |
| 9 (RLIN) | 10254 |
| 942 ## - ADDED ENTRY ELEMENTS (KOHA) | |
| Source of classification or shelving scheme | Dewey Decimal Classification |
| Item type | English Books |
| Call number suffix | ROY |
| Classification part | 305.420954 |
| Withdrawn status | Lost status | Not for loan | Collection code | Home library | Current library | Date acquired | Source of acquisition | Cost, normal purchase price | Full call number | Barcode | Copy number | Cost, replacement price | Koha item type |
|---|---|---|---|---|---|---|---|---|---|---|---|---|---|
| Non-fiction | Bawana | Bawana | 25/08/2011 | RBC/25880/21.6.11/76/4.3.11/18.7.11 | 850.00 | 305.420954 ROY | B-442680 | 1 | 850.00 | English Books | |||
| Non-fiction | Central Library | Central Library | 25/08/2011 | RBC/25880/21.6.11/76/4.3.11/18.7.11 | 850.00 | 305.420954 ROY | B-442675 | 2 | 850.00 | English Books | |||
| Non-fiction | Central Library | Central Library | 25/08/2011 | RBC/25880/21.6.11/76/4.3.11/18.7.11 | 850.00 | 305.420954 ROY | B-442676 | 2 | 850.00 | English Books | |||
| Not For Loan | Non-fiction | D.B.Act.Division | D.B.Act.Division | 11/08/2010 | DBAD/PUB | 850.00 | 954 ROY | EN-83005 | 1 | 850.00 | English Books | ||
| Non-fiction | Patel Nagar | Patel Nagar | 25/08/2011 | RBC/25880/21.6.11/76/4.3.11/18.7.11 | 850.00 | 305.420954 ROY | B-442677 | 1 | 850.00 | English Books | |||
| Non-fiction | Sarojini Nagar | Sarojini Nagar | 25/08/2011 | RBC/25880/21.6.11/76/4.3.11/18.7.11 | 850.00 | 305.420954 ROY | B-442678 | 2 | 850.00 | English Books | |||
| Non-fiction | Sarojini Nagar | Sarojini Nagar | 25/08/2011 | RBC/25880/21.6.11/76/4.3.11/18.7.11 | 850.00 | 305.420954 ROY | B-442679 | 2 | 850.00 | English Books | |||
| Non-fiction | Shahdara Branch | Shahdara Branch | 25/08/2011 | RBC/25880/21.6.11/76/4.3.11/18.7.11 | 850.00 | 305.420954 ROY | B-442681 | 1 | 850.00 | English Books |
